| 000 | 00469nam a2200181Ia 4500 | ||
|---|---|---|---|
| 001 | 23797 | ||
| 005 | 20260414151001.0 | ||
| 008 | 260414t2014||||xx |||||||||||||| ||spa|| | ||
| 041 | _aESP | ||
| 082 |
_a709.68 _bB47 |
||
| 100 |
_aSmith, Rachel Hostetter _eAUT |
||
| 245 | 0 |
_aBetween the shadow & the light : _ban exhibition out of south Africa |
|
| 260 | _c2014 | ||
| 300 |
_a138 páginas : _c20 cm. |
||
| 650 | _aABD | ||
| 654 | _aCAU | ||
| 942 |
_cLIB _dJUS _fJUS _2ddc _n |
||
| 999 |
_c23797 _d23797 |
||